| 000 | 01797nam a2200349 c 4500 | ||
|---|---|---|---|
| 003 | BLK | ||
| 005 | 20240715175324.0 | ||
| 008 | 180410b bul|||||r ||||||| ||bul|| | ||
| 010 | _aKNG00173039000 | ||
| 040 | _aBLK | ||
| 041 |
_aBUL _cBUL |
||
| 080 |
_aАнглийска литература _b821.111 _x-93-31 _z821.111-93-31 |
||
| 100 | 1 |
_aДефо, Даниел _eпърви автор _9371409 |
|
| 700 | 1 |
_aЧуковский, Корней Иванович _9142358 |
|
| 700 | 1 |
_aЖечев, Георги _eпрев. от рус. _gТекелиев, Георги Жечев _9367732 |
|
| 700 | 1 |
_aЙорданов, Юлиан _eс послесл. от _9382179 |
|
| 139 |
_aДефо, Даниел _bД 46 |
||
| 245 | 1 | 0 |
_aРобинзон Крузо _bРоман _cДаниел Дефо; преразк. Корней Иванович Чуковский; прев. от рус. Георги Жечев; с послесл. от Юлиан Йорданов. |
| 250 | _a7. изд | ||
| 257 | _aGBR | ||
| 260 |
_аСофия _bОтечество _c1983 |
||
| 300 |
_a223 с. _bс ил., портр. _c22 см |
||
| 380 | _aDX | ||
| 490 | 1 | _aСветовна класика за деца и юноши | |
| 500 | _aПрев. от рус. изд. Жизнь и удивительные приключения морехода Робинзона Крузо. - Ориг. загл. Life and strange surpising adventures of Robinson Crusoe. - 1. изд. 1954 на изд. Нар. младеж ; В кн. погрешно означено 6. изд. - 100 115 тир. | ||
| 852 | _aЦб 123084 | ||
| 856 | 4 |
_qpdf _u |
|
| 856 | 4 |
_qpdf _u |
|
| 942 |
_cKNG _n0 _01 |
||
| 944 |
_aCR _c16.03.2015 _k30560 _lГеновева Генчева |
||
| 944 |
_aED _c16.03.2015 _kТеодора_Стоянова |
||
| 999 |
_c165429 _d165429 |
||